Govt. of
Madhya Pradesh

सुदूर संवेदन (Record no. 62079)

MARC details
000 -LEADER
fixed length control field 00526nam a22001577a 4500
003 - CONTROL NUMBER IDENTIFIER
control field OSt
005 - DATE AND TIME OF LATEST TRANSACTION
control field 20200214151904.0
008 - FIXED-LENGTH DATA ELEMENTS--GENERAL INFORMATION
fixed length control field 200214b xxu||||| |||| 00| 0 eng d
040 ## - CATALOGING SOURCE
Transcribing agency macl
100 ## - MAIN ENTRY--PERSONAL NAME
Personal name मणि दिनेश
9 (RLIN) 78211
245 ## - TITLE STATEMENT
Title सुदूर संवेदन
260 ## - PUBLICATION, DISTRIBUTION, ETC. (IMPRINT)
Place of publication, distribution, etc. दिल्ली
Name of publisher, distributor, etc. ऐरो पब्लिशेर्स एंड डिस्ट्रीबूतोर्स
Date of publication, distribution, etc. 2012
600 ## - SUBJECT ADDED ENTRY--PERSONAL NAME
Personal name दिनेश मणि
9 (RLIN) 36766
650 ## - SUBJECT ADDED ENTRY--TOPICAL TERM
Topical term or geographic name as entry element तकनीक
9 (RLIN) 78212
942 ## - ADDED ENTRY ELEMENTS (KOHA)
Source of classification or shelving scheme
Koha item type Hindi Books

No items available.